Garis panduan dan piawaian perancangan : perumahan kos sederhana satu dan dua tingkat

Bibliographic Details
Corporate Author: Malaysia . Kementerian Perumahan dan Kerajaan Temapatan . Jabatan Perancangan Bandar dan Desa
Format: Book
Language:Malay
Published: Kuala Lumpur : Jabatan Perancangan Bandar dan Desa , 2003
Series:Garis panduan perancangan JPBD ; 2/2003
Subjects:

MARC

LEADER 00000cam a2200000 7i4500
001 0000022768
005 20130627.0
008 100618s my a may
020 |a 9839396811 ,   |c RM43.75 
040 |a INS 
090 0 0 |a NA7115   |b G37 2003 
245 0 0 |a Garis panduan dan piawaian perancangan :   |b perumahan kos sederhana satu dan dua tingkat   |c Jabatan Perancangan Bandar dan Desa 
260 |a Kuala Lumpur :   |b Jabatan Perancangan Bandar dan Desa ,   |c 2003 
300 |a vii, 100ms. :   |b il.wrn ;   |c 30cm. 
440 |a Garis panduan perancangan JPBD ;   |v 2/2003 
650 0 |a Architecture, Domestic   |x Design and plans   |z Malaysia 
710 1 |a Malaysia .   |b Kementerian Perumahan dan Kerajaan Temapatan .   |b Jabatan Perancangan Bandar dan Desa 
999 |a 0000021574   |b BOOK   |c Open Shelf   |e Default branch 
999 |a 1000000605   |b BOOK   |c Open Shelf   |e Default branch